Library of the University of Algiers 3
Ibrahim Sultan Cheibout
شعار جامعة الجزائر 3
مكتبة جامعة الجزائر 3
إبراهيم سلطان شيبوط

أسس التمويل المصرفي الإسلامي بين المخاطرة وأساليب السيطرة / (رقم التسجيلة. 44307)

تفاصيل مارك
000 -LEADER
fixed length control field 01039nam a2200241Ia 4500
003 - CONTROL NUMBER IDENTIFIER
control field Ost
005 - DATE AND TIME OF LATEST TRANSACTION
control field 20260507075406.0
008 - FIXED-LENGTH DATA ELEMENTS--GENERAL INFORMATION
fixed length control field 260507s9999||||xx |||||||||||||| ||und||
020 ## - INTERNATIONAL STANDARD BOOK NUMBER
International Standard Book Number 5137410977
040 ## - CATALOGING SOURCE
Transcribing agency fsecg
041 ## - LANGUAGE CODE
Language code of text/sound track or separate title ara
082 ## - DEWEY DECIMAL CLASSIFICATION NUMBER
Classification number 330
100 ## - MAIN ENTRY--PERSONAL NAME
Personal name المكاوي، محمد محمود
Relator term مؤلف
245 #0 - TITLE STATEMENT
Title أسس التمويل المصرفي الإسلامي بين المخاطرة وأساليب السيطرة /
Statement of responsibility, etc. محمد محمود المكاوي
260 ## - PUBLICATION, DISTRIBUTION, ETC.
Place of publication, distribution, etc. الإسكندرية:
Name of publisher, distributor, etc. المكتبة العصرية,
Date of publication, distribution, etc. 2009
300 ## - PHYSICAL DESCRIPTION
Extent 289 صفحة؛
Other physical details إيضاحات ؛
Dimensions 25 سم
520 ## - SUMMARY, ETC.
Summary, etc. يضم مبادئ التمويل المصرفي الإسلامي، مخاطر التمويل المصرفي الإسلامي، أساليب السيطرة على مخاطر التمويل المصرفي الإسلامي
653 ## - INDEX TERM--UNCONTROLLED
Uncontrolled term البنوك الإسلامية
653 ## - INDEX TERM--UNCONTROLLED
Uncontrolled term التمويل
653 ## - INDEX TERM--UNCONTROLLED
Uncontrolled term التمويل المصرفي
653 ## - INDEX TERM--UNCONTROLLED
Uncontrolled term المخاطر المالية
942 ## - ADDED ENTRY ELEMENTS (KOHA)
Koha item type كتب
المقتنيات
Withdrawn status Lost status Source of classification or shelving scheme Damaged status Not for loan Home library Current library Date acquired Serial enumeration / chronology Inventory number Total checkouts Full call number Barcode Date last seen Price effective from Koha item type
    Dewey Decimal Classification   NOT LOAN / إعارة داخلية مكتبة كلية العلوم الإقتصادية والعلوم التجارية وعلوم التسيير مكتبة كلية العلوم الإقتصادية والعلوم التجارية وعلوم التسيير 07/05/2026 الطابق الأرضي 26577   أ/4374ن1 26577 07/05/2026 07/05/2026 كتب
    Dewey Decimal Classification   Available مكتبة كلية العلوم الإقتصادية والعلوم التجارية وعلوم التسيير مكتبة كلية العلوم الإقتصادية والعلوم التجارية وعلوم التسيير 07/05/2026 الطابق الأرضي 26578   أ/4374ن2 26578 07/05/2026 07/05/2026 كتب
    Dewey Decimal Classification   Available مكتبة كلية العلوم الإقتصادية والعلوم التجارية وعلوم التسيير مكتبة كلية العلوم الإقتصادية والعلوم التجارية وعلوم التسيير 07/05/2026 الطابق الثاني 26579   أ/4374ن3 26579 07/05/2026 07/05/2026 كتب

موارد الويب المفتوحة


© University of Algiers 3 All Rights Reserved
|
Implemented by LECHELAH Riad